Лабораторный практикум по математическому моделированию химико-технологических процессов. Кинетика химических реакций

Bibliographic Details
Main Author: Кравцов А. В. Анатолий Васильевич
Corporate Author: Томский политехнический университет
Other Authors: Ушева Н. В. Наталья Викторовна, Фёдоров А. Ф. Анатолий Фёдорович
Language:Russian
Published: Томск, Изд-во ТПУ, 1997
Subjects:
Format: Book
KOHA link:https://koha.lib.tpu.ru/cgi-bin/koha/opac-detail.pl?biblionumber=5606

MARC

LEADER 00000nam0a2200000 4500
001 5606
005 20231030175642.0
035 |a (RuTPU)RU\TPU\book\5634 
035 |a BOOK00005686 
090 |a 5606 
100 |a 20011209d1997 m y0rusy50 ca 
101 0 |a rus 
102 |a RU 
105 |a y j 000zy 
200 1 |a Лабораторный практикум по математическому моделированию химико-технологических процессов. Кинетика химических реакций  |f А. В. Кравцов, Н. В. Ушева, А. Ф. Федоров  |g Томский политехнический университет 
210 |a Томск  |c Изд-во ТПУ  |d 1997 
215 |a 83 с. 
610 1 |a химические реакции 
610 1 |a лабораторные практикумы 
610 1 |a учебные пособия 
610 1 |a математическое моделирование 
610 1 |a кинетика 
675 |a 544.42(076)  |v 3 
700 1 |a Кравцов  |b А. В.  |c химик-технолог  |c профессор-консультант Томского политехнического университета, доктор технических наук  |f 1938-  |g Анатолий Васильевич  |2 stltpush  |3 (RuTPU)RU\TPU\pers\19827 
701 1 |a Ушева  |b Н. В.  |c химик  |c доцент Томского политехнического университета, кандидат химических наук  |f 1948-  |g Наталья Викторовна  |2 stltpush  |3 (RuTPU)RU\TPU\pers\24906 
701 1 |a Фёдоров  |b А. Ф.  |c специалист в области организации высшего профессионального образования  |c ведущий эксперт Томского политехнического университета, кандидат технических наук  |f 1937-  |g Анатолий Фёдорович  |2 stltpush  |3 (RuTPU)RU\TPU\pers\26942 
712 0 2 |a Томский политехнический университет  |2 stltpush  |3 (RuTPU)RU\TPU\col\376 
801 0 |a RU  |b 63413507  |c 20011209  |g PSBO 
801 2 |a RU  |b 63413507  |c 20200629  |g PSBO 
900 |a Макрокинетика химических процессов 
900 |a Математическое моделирование ХТП 
900 |a Моделирование сложных многокомпонентных ХП 
900 |a Применение ЭВМ в химической технологии 
942 |c BK